| 000 | 01060nam a22003011 4500 | ||
|---|---|---|---|
| 001 | 36367 | ||
| 003 | BD-RjUL | ||
| 005 | 20211209052457.0 | ||
| 008 | 140622s1967 nyu 000 0 eng | ||
| 020 | _a0872491730 | ||
| 035 | _a(BD-RjUL)36464 | ||
| 035 | _a(OCoLC)392819 | ||
| 040 |
_aDLC _cOCanW _dOCoLC _dOKentU _dFO _dDLC _dBD-RjUL _beng |
||
| 041 | _aeng | ||
| 082 | 0 | 0 |
_a342.73 _bUNS 1967 |
| 110 | 1 |
_aUnited States. _bCongress. _9110675 |
|
| 245 | 1 | 2 |
_aA second Federalist : _bCongress creates a government. _cSelected from the Annals of Congress by Charles S. Hyneman and George W. Carey. |
| 260 |
_aNew York : _bAppleton-Century Crofts, _cc1967. |
||
| 300 |
_axvii, 325 p. ; _c21 cm. |
||
| 650 | 0 |
_aPolitical science. _9110670 |
|
| 651 | 0 |
_aUnited States. -- Congress. _9110671 |
|
| 700 | 1 |
_aHyneman, Charles S., _d1900-1985, _eed. _9110503 |
|
| 700 | 1 |
_aCarey, George Wescott, _d1933- _eed. _9110672 |
|
| 942 |
_2ddc _cBK |
||
| 999 |
_c36367 _d36367 |
||